| 000 | 01068cam a2200325 i 4500 | ||
|---|---|---|---|
| 001 | 4159598 | ||
| 003 | EG-ScBUE | ||
| 005 | 20240229094808.0 | ||
| 008 | 740819t2005 kyua f b 000 0 eng d | ||
| 020 | _a0404028209 (set) | ||
| 020 | _a9781402198427 | ||
| 040 |
_aEG-ScBUE _beng _erda _cEG-ScBUE _dEG-ScBUE |
||
| 082 | 0 | 4 |
_a937.06 _222 _bGIB |
| 100 | 1 |
_aGibbon, Edward, _d1737-1794, _eauthor. _933563 |
|
| 245 | 1 | 4 |
_aThe history of the decline and fall of the Roman Empire / _cEdward Gibbon. |
| 264 | 1 |
_aLexington, KY : _bAdamant Media Corporation, _c[2005] |
|
| 264 | 4 | _cc2005 | |
| 300 |
_a434 pages : _billustrations ; _c23 cm. |
||
| 336 |
_2rdacontent _atext _btxt |
||
| 337 |
_aunmediated _2rdamedia _bn |
||
| 338 |
_avolume _bnc _2rdacarrier |
||
| 490 | 0 | _aElibron classics | |
| 504 | _aIncludes bibliographical references. | ||
| 505 | 0 | _aVolume 1. | |
| 651 | 7 |
_aRome _xHistory _yEmpire, 30 B.C.-476 A.D. _2BUEsh _933564 |
|
| 651 | 7 |
_aByzantine Empire _xHistory _yTo 527. _2BUEsh _933725 |
|
| 653 | _cSeptember2013 | ||
| 655 | _vReading book | ||
| 942 |
_2ddc _cBB |
||
| 999 |
_c17545 _d17517 |
||